| 000 | 00828nam a22001817a 4500 | ||
|---|---|---|---|
| 999 |
_c60702 _d60702 |
||
| 005 | 20231011103514.0 | ||
| 008 | 231010s1971 bn ||||| |||| 00| 0 bos d | ||
| 041 | _abos | ||
| 080 | _a902/904 P-97 | ||
| 100 |
_aPus, Ivan _920054 |
||
| 245 |
_aZarnogrobiscna nekropola na dvoriscu SAZU v Ljubljani : _bIzkopavanja v letih 1964 - 1965 = Nekropole der Urnenfelderkultur im Hof der Slowenischen Akademie der Wissenschaften und Künste in Ljubljana. Ausgrabungen in den Jahren 1964-1965 / _cIvan Pus. |
||
| 264 |
_aLjubljana, _c1971. |
||
| 300 |
_a108 p.: _bill.; _c24 cm. |
||
| 653 | _aზარნოგრობისკის ნეკროპოლისი | ||
| 653 | _aგათხრები 1964 - 1965 წლებში ლუბლიანაში | ||
| 653 | _aარქეოლოგია | ||
| 942 |
_2udc _cBK |
||